[Event "Masters Tournament (MTO)"]
[Site "Biel, CH"]
[Date "2025.07.16"]
[Round "3"]
[White "Saminskij, Jan"]
[Black "Artan, Tamir"]
[Result "1/2-1/2"]
[Board "26"]
[WhiteFideId "1346962"]
[BlackFideId "1346865"]
[WhiteElo "2230"]
[BlackElo "2054"]
[WhiteTeam "SUI"]
[BlackTeam "SUI"]
[WhiteClock "0:04:10"]
[BlackClock "0:05:20"]
[Variant "Standard"]

1. e4 {[%clk 1:40:45]}  e5 {[%clk 1:39:54]} 2. Nf3 {[%clk 1:40:05]}  Nc6 {[%clk 1:40:22]} 3. Bc4 {[%clk 1:40:08]}  Bc5 {[%clk 1:40:47]} 4. d3 {[%clk 1:40:27]}  Nf6 {[%clk 1:41:11]} 5. Nbd2 {[%clk 1:40:02]}  a6 {[%clk 1:40:12]} 6. a4 {[%clk 1:36:05]}  O-O {[%clk 1:37:12]} 7. O-O {[%clk 1:35:47]}  d6 {[%clk 1:36:31]} 8. c3 {[%clk 1:35:33]}  Ba7 {[%clk 1:36:31]} 9. h3 {[%clk 1:35:33]}  Ne7 {[%clk 1:36:31]} 10. Re1 {[%clk 1:35:33]}  Ng6 {[%clk 1:36:31]} 11. b4 {[%clk 1:35:33]}  Re8 {[%clk 1:36:31]} 12. Nf1 {[%clk 1:35:33]}  c6 {[%clk 1:36:31]} 13. Bb3 {[%clk 1:35:33]}  Be6 {[%clk 1:36:31]} 14. Ng3 {[%clk 1:35:33]}  d5 {[%clk 1:36:31]} 15. Bg5 {[%clk 1:35:33]}  h6 {[%clk 1:17:03]} 16. Bd2 {[%clk 0:52:28]}  dxe4 {[%clk 1:08:01]} 17. dxe4 {[%clk 0:52:03]}  Bxb3 {[%clk 0:58:10]} 18. Qxb3 {[%clk 0:52:26]}  Nh4 {[%clk 0:58:10]} 19. Nxh4 {[%clk 0:52:26]}  Qxd2 {[%clk 0:49:24]} 20. Nh1 {[%clk 0:44:56]}  Qf4 {[%clk 0:46:37]} 21. g3 {[%clk 0:44:34]}  Qg5 {[%clk 0:46:43]} 22. Nf3 {[%clk 0:42:34]}  Qg6 {[%clk 0:43:20]} 23. Qc2 {[%clk 0:41:03]}  Rad8 {[%clk 0:43:20]} 24. Kh2 {[%clk 0:41:03]}  Rd6 {[%clk 0:43:20]} 25. Re2 {[%clk 0:22:40]}  Qh5 {[%clk 0:32:18]} 26. Kg2 {[%clk 0:36:50]}  Qg6 {[%clk 0:27:05]} 27. Nh4 {[%clk 0:32:03]}  Qg5 {[%clk 0:22:15]} 28. Nf3 {[%clk 0:23:00]}  Qg6 {[%clk 0:22:35]} 29. Nh4 {[%clk 0:18:59]}  Qg5 {[%clk 0:22:57]} 30. Rf1 {[%clk 0:16:09]}  Nh5 {[%clk 0:21:34]} 31. Nf5 {[%clk 0:09:32]}  Rdd8 {[%clk 0:12:46]} 32. h4 {[%clk 0:12:53]}  Qg6 {[%clk 0:08:51]} 33. Kh2 {[%clk 0:12:20]}  Qe6 {[%clk 0:06:41]} 34. f3 {[%clk 0:11:38]}  Qc4 {[%clk 0:06:37]} 35. Nf2 {[%clk 0:05:41]}  Bxf2 {[%clk 0:05:20]} 36. Rexf2 {[%clk 0:04:10]}  Rd3 {[%clk 0:05:20]} 37. Rd1 {[%clk 0:04:10]}  Rxc3 {[%clk 0:05:20]} 38. Qd2 {[%clk 0:04:10]}  Qxb4 {[%clk 0:05:20]} 39. Qd7 {[%clk 0:04:10]}  Nf6 {[%clk 0:05:20]} 40. Qc7 {[%clk 0:04:10]}  Qc5 {[%clk 0:05:20]} 41. Rdd2 {[%clk 0:04:10]}  b5 {[%clk 0:05:20]} 42. g4 {[%clk 0:04:10]}  Nh7 {[%clk 0:05:20]} 43. Kg3 {[%clk 0:04:10]}  Qf8 {[%clk 0:05:20]} 44. Nd6 {[%clk 0:04:10]}  Re6 {[%clk 0:05:20]} 45. axb5 {[%clk 0:04:10]}  axb5 {[%clk 0:05:20]} 46. Nxb5 {[%clk 0:04:10]}  Re7 {[%clk 0:05:20]} 47. Qa5 {[%clk 0:04:10]}  Rc5 {[%clk 0:05:20]} 48. Rd8 {[%clk 0:04:10]}  Re8 {[%clk 0:05:20]} 49. Rxe8 {[%clk 0:04:10]}  Qxe8 {[%clk 0:05:20]} 50. Nd6 {[%clk 0:04:10]}  Rxa5 {[%clk 0:05:20]} 51. Nxe8 {[%clk 0:04:10]} 1/2-1/2

[Event "Masters Tournament (MTO)"]
[Site "Biel, CH"]
[Date "2025.07.16"]
[Round "3"]
[White "Ho, Carter"]
[Black "Saxena, Vihaan"]
[Result "1/2-1/2"]
[Board "29"]
[WhiteFideId "30965292"]
[BlackFideId "30997780"]
[WhiteTitle "CM"]
[WhiteElo "2208"]
[BlackElo "2031"]
[WhiteTeam "USA"]
[BlackTeam "USA"]
[WhiteClock "0:35:04"]
[BlackClock "0:06:00"]
[Variant "Standard"]

1. e4 {[%clk 1:40:56]}  e5 {[%clk 1:38:21]} 2. Nf3 {[%clk 1:41:19]}  Nc6 {[%clk 1:38:25]} 3. Bc4 {[%clk 1:41:41]}  Nf6 {[%clk 1:38:26]} 4. d3 {[%clk 1:42:02]}  h6 {[%clk 1:37:46]} 5. O-O {[%clk 1:42:21]}  d6 {[%clk 1:37:36]} 6. c3 {[%clk 1:42:07]}  g5 {[%clk 1:36:11]} 7. a4 {[%clk 1:42:07]}  Bg7 {[%clk 1:36:24]} 8. Qb3 {[%clk 1:34:48]}  O-O {[%clk 1:24:16]} 9. a5 {[%clk 1:33:51]}  a6 {[%clk 1:25:20]} 10. Nbd2 {[%clk 1:26:20]}  Ne7 {[%clk 1:19:18]} 11. Qd1 {[%clk 1:19:35]}  Ng6 {[%clk 1:12:03]} 12. Bb3 {[%clk 1:12:27]}  Re8 {[%clk 1:08:05]} 13. h3 {[%clk 1:00:12]}  c6 {[%clk 1:00:42]} 14. Nc4 {[%clk 0:47:05]}  d5 {[%clk 0:47:13]} 15. Nb6 {[%clk 0:44:03]}  Rb8 {[%clk 0:47:05]} 16. Nxc8 {[%clk 0:40:25]}  Qxc8 {[%clk 0:42:18]} 17. Re1 {[%clk 0:52:25]}  dxe4 {[%clk 0:37:58]} 18. dxe4 {[%clk 0:49:12]}  Rd8 {[%clk 0:34:30]} 19. Qc2 {[%clk 0:45:27]}  Nh5 {[%clk 0:35:09]} 20. Nh2 {[%clk 0:40:06]}  Nhf4 {[%clk 0:33:05]} 21. Bxf4 {[%clk 0:39:44]}  exf4 {[%clk 0:30:38]} 22. e5 {[%clk 0:38:22]}  Ne7 {[%clk 0:18:59]} 23. e6 {[%clk 0:36:13]}  f5 {[%clk 0:18:34]} 24. Rad1 {[%clk 0:35:51]}  Kf8 {[%clk 0:17:35]} 25. Qe2 {[%clk 0:34:19]}  Rxd1 {[%clk 0:17:02]} 26. Rxd1 {[%clk 0:31:07]}  b6 {[%clk 0:13:46]} 27. axb6 {[%clk 0:34:26]}  g4 {[%clk 0:02:37]} 28. hxg4 {[%clk 0:34:49]}  Rxb6 {[%clk 0:02:56]} 29. gxf5 {[%clk 0:34:55]}  Qe8 {[%clk 0:02:11]} 30. Ng4 {[%clk 0:34:23]}  Nxf5 {[%clk 0:01:37]} 31. Qe4 {[%clk 0:33:18]}  Ne7 {[%clk 0:00:44]} 32. Qxf4+ {[%clk 0:33:31]}  Kg8 {[%clk 0:01:05]} 33. Qf7+ {[%clk 0:32:53]}  Qxf7 {[%clk 0:01:13]} 34. exf7+ {[%clk 0:33:17]}  Kh7 {[%clk 0:01:23]} 35. Nf6+ {[%clk 0:33:41]}  Kg6 {[%clk 0:01:30]} 36. Ng8 {[%clk 0:22:22]}  Rxb3 {[%clk 0:01:49]} 37. Nxe7+ {[%clk 0:22:40]}  Kxf7 {[%clk 0:02:11]} 38. Nxc6 {[%clk 0:22:48]}  Rxb2 {[%clk 0:02:16]} 39. Rd7+ {[%clk 0:21:27]}  Kf8 {[%clk 0:01:40]} 40. c4 {[%clk 0:19:50]}  Rc2 {[%clk 0:01:25]} 41. Na5 {[%clk 0:18:28]}  Bc3 {[%clk 0:29:37]} 42. Rd5 {[%clk 0:46:39]}  Bxa5 {[%clk 0:28:49]} 43. Rxa5 {[%clk 0:47:04]}  Rxc4 {[%clk 0:29:05]} 44. Rxa6 {[%clk 0:47:30]}  Kg7 {[%clk 0:28:56]} 45. Kh2 {[%clk 0:47:47]}  Rc3 {[%clk 0:27:42]} 46. f3 {[%clk 0:42:37]}  Rc4 {[%clk 0:23:47]} 47. Kh3 {[%clk 0:47:20]}  Rf4 {[%clk 0:18:14]} 48. Re6 {[%clk 0:47:45]}  Rb4 {[%clk 0:17:39]} 49. g3 {[%clk 0:47:43]}  Ra4 {[%clk 0:09:49]} 50. f4 {[%clk 0:45:51]}  Rb4 {[%clk 0:11:33]} 51. Kh4 {[%clk 0:44:19]}  Ra4 {[%clk 0:09:48]} 52. Kh5 {[%clk 0:43:20]}  Ra5+ {[%clk 0:10:45]} 53. Re5 {[%clk 0:44:32]}  Ra3 {[%clk 0:11:05]} 54. Kh4 {[%clk 0:43:31]}  Ra4 {[%clk 0:10:05]} 55. Kg4 {[%clk 0:42:54]}  Kf6 {[%clk 0:10:51]} 56. Rc5 {[%clk 0:41:11]}  Ra3 {[%clk 0:09:50]} 57. Rc6+ {[%clk 0:41:56]}  Kg7 {[%clk 0:09:18]} 58. Rc7+ {[%clk 0:40:32]}  Kf6 {[%clk 0:07:40]} 59. Rc6+ {[%clk 0:39:13]}  Kg7 {[%clk 0:06:43]} 60. f5 {[%clk 0:36:51]}  Ra5 {[%clk 0:03:17]} 61. Rg6+ {[%clk 0:35:28]}  Kh7 {[%clk 0:06:19]} 62. Re6 {[%clk 0:34:54]}  Kg7 {[%clk 0:06:04]} 63. Kf4 {[%clk 0:35:45]}  Rb5 {[%clk 0:03:51]} 64. g4 {[%clk 0:34:43]}  Rb1 {[%clk 0:05:18]} 65. Ke5 {[%clk 0:33:56]}  Rb5+ {[%clk 0:05:25]} 66. Kf4 {[%clk 0:33:08]}  Rb1 {[%clk 0:04:16]} 67. Rd6 {[%clk 0:29:58]}  Rf1+ {[%clk 0:05:46]} 68. Ke3 {[%clk 0:29:25]}  Re1+ {[%clk 0:05:55]} 69. Kf2 {[%clk 0:29:41]}  Ra1 {[%clk 0:05:03]} 70. Re6 {[%clk 0:29:43]}  Ra3 {[%clk 0:05:48]} 71. Re3 {[%clk 0:30:05]}  Ra4 {[%clk 0:05:53]} 72. Kf3 {[%clk 0:29:44]}  Ra1 {[%clk 0:06:05]} 73. Kg3 {[%clk 0:29:54]}  Rb1 {[%clk 0:05:58]} 74. Kh4 {[%clk 0:30:13]}  Rh1+ {[%clk 0:05:47]} 75. Rh3 {[%clk 0:30:35]}  Rg1 {[%clk 0:05:27]} 76. Kh5 {[%clk 0:30:59]}  Rf1 {[%clk 0:05:17]} 77. Rh2 {[%clk 0:31:19]}  Rg1 {[%clk 0:04:35]} 78. Kh4 {[%clk 0:30:07]}  Ra1 {[%clk 0:04:06]} 79. Re2 {[%clk 0:30:30]}  Rh1+ {[%clk 0:05:58]} 80. Kg3 {[%clk 0:30:22]}  Rf1 {[%clk 0:05:58]} 81. Re7+ {[%clk 0:28:41]}  Kf6 {[%clk 0:05:51]} 82. Rh7 {[%clk 0:30:42]}  Rg1+ {[%clk 0:05:10]} 83. Kf3 {[%clk 0:30:21]}  Rh1 {[%clk 0:05:06]} 84. Rb7 {[%clk 0:29:17]}  Rf1+ {[%clk 0:05:15]} 85. Kg2 {[%clk 0:30:28]}  Rf4 {[%clk 0:05:22]} 86. Kh3 {[%clk 0:28:33]}  h5 {[%clk 0:03:54]} 87. Rb6+ {[%clk 0:26:58]}  Kf7 {[%clk 0:01:54]} 88. g5 {[%clk 0:30:39]}  Rxf5 {[%clk 0:02:06]} 89. Kh4 {[%clk 0:31:04]}  Rf1 {[%clk 0:01:29]} 90. Kxh5 {[%clk 0:30:48]}  Rh1+ {[%clk 0:02:45]} 91. Kg4 {[%clk 0:30:40]}  Kg7 {[%clk 0:03:02]} 92. Rb3 {[%clk 0:31:35]}  Rg1+ {[%clk 0:03:12]} 93. Rg3 {[%clk 0:32:02]}  Rxg3+ {[%clk 0:03:25]} 94. Kxg3 {[%clk 0:32:28]}  Kg6 {[%clk 0:03:46]} 95. Kf4 {[%clk 0:32:55]}  Kg7 {[%clk 0:04:12]} 96. Kf5 {[%clk 0:33:21]}  Kf7 {[%clk 0:04:39]} 97. g6+ {[%clk 0:33:47]}  Kg7 {[%clk 0:05:06]} 98. Kg5 {[%clk 0:34:13]}  Kg8 {[%clk 0:05:33]} 99. Kf6 {[%clk 0:34:38]}  Kf8 {[%clk 0:06:00]} 100. g7+ {[%clk 0:35:04]} 1/2-1/2

[Event "Masters Tournament (MTO)"]
[Site "Biel, CH"]
[Date "2025.07.16"]
[Round "3"]
[White "Stefan, Iulia-Cristiana"]
[Black "Shvedova, Alexandra"]
[Result "0-1"]
[Board "30"]
[WhiteFideId "1273876"]
[BlackFideId "54154782"]
[WhiteTitle "WCM"]
[BlackTitle "WFM"]
[WhiteElo "2017"]
[BlackElo "2204"]
[WhiteTeam "ROU"]
[BlackTeam "ITA"]
[WhiteClock "0:00:39"]
[BlackClock "0:15:06"]
[Variant "Standard"]

1. d4 {[%clk 1:40:57]}  d5 {[%clk 1:40:48]} 2. Nf3 {[%clk 1:41:18]}  Nf6 {[%clk 1:41:12]} 3. c4 {[%clk 1:41:43]}  dxc4 {[%clk 1:39:53]} 4. e3 {[%clk 1:41:06]}  e6 {[%clk 1:41:28]} 5. Bxc4 {[%clk 1:41:12]}  a6 {[%clk 1:41:46]} 6. O-O {[%clk 1:39:34]}  c5 {[%clk 1:41:59]} 7. b3 {[%clk 1:39:12]}  b6 {[%clk 1:41:59]} 8. Bb2 {[%clk 1:38:57]}  Bb7 {[%clk 1:41:30]} 9. Nbd2 {[%clk 1:38:53]}  Nbd7 {[%clk 1:33:39]} 10. Be2 {[%clk 1:27:22]}  Be7 {[%clk 1:39:34]} 11. Nc4 {[%clk 1:24:30]}  O-O {[%clk 1:32:28]} 12. Nce5 {[%clk 1:10:46]}  cxd4 {[%clk 1:22:22]} 13. Nxd7 {[%clk 1:10:39]}  Nxd7 {[%clk 1:18:49]} 14. exd4 {[%clk 1:10:34]}  Nf6 {[%clk 1:15:22]} 15. Ne5 {[%clk 1:09:44]}  Nd5 {[%clk 1:13:50]} 16. Bf3 {[%clk 1:09:09]}  Bg5 {[%clk 0:37:47]} 17. Re1 {[%clk 0:45:46]}  Rc8 {[%clk 0:51:15]} 18. g3 {[%clk 0:25:34]}  Qe7 {[%clk 0:40:53]} 19. h4 {[%clk 0:18:33]}  Bf6 {[%clk 0:41:05]} 20. Nc4 {[%clk 0:15:04]}  Qc7 {[%clk 0:36:34]} 21. Rc1 {[%clk 0:14:15]}  Qb8 {[%clk 0:36:31]} 22. Qe2 {[%clk 0:10:51]}  Rfd8 {[%clk 0:33:27]} 23. Ne5 {[%clk 0:01:05]}  Qd6 {[%clk 0:23:43]} 24. Nc4 {[%clk 0:08:51]}  Qd7 {[%clk 0:23:48]} 25. Ne5 {[%clk 0:06:35]}  Qe7 {[%clk 0:23:23]} 26. Nc4 {[%clk 0:03:37]}  b5 {[%clk 0:18:15]} 27. Ne5 {[%clk 0:03:19]}  Nb6 {[%clk 0:18:19]} 28. Be4 {[%clk 0:01:58]}  Re8 {[%clk 0:14:40]} 29. Nd3 {[%clk 0:01:03]}  Bxe4 {[%clk 0:10:14]} 30. Qxe4 {[%clk 0:00:53]}  Nd5 {[%clk 0:09:40]} 31. Nc5 {[%clk 0:00:40]}  Rc6 {[%clk 0:10:12]} 32. a3 {[%clk 0:00:38]}  h6 {[%clk 0:08:24]} 33. Qe2 {[%clk 0:00:43]}  Qa7 {[%clk 0:06:55]} 34. Qd2 {[%clk 0:00:38]}  Rec8 {[%clk 0:06:17]} 35. Qe2 {[%clk 0:00:39]}  Be7 {[%clk 0:05:27]} 36. Nd3 {[%clk 0:00:47]}  R6c7 {[%clk 0:03:16]} 37. Rxc7 {[%clk 0:00:49]}  Rxc7 {[%clk 0:03:42]} 38. Ne5 {[%clk 0:00:37]}  Bf6 {[%clk 0:03:43]} 39. Qd2 {[%clk 0:00:39]}  a5 {[%clk 0:02:40]} 40. Rc1 {[%clk 0:00:39]}  a4 {[%clk 0:01:05]} 41. Rxc7 {[%clk 0:20:52]}  Qxc7 {[%clk 0:00:12]} 42. Qd3 {[%clk 0:15:34]}  axb3 {[%clk 0:24:36]} 43. Qxb3 {[%clk 0:12:38]}  Qa5 {[%clk 0:17:56]} 44. Kf1 {[%clk 0:11:28]}  Nb6 {[%clk 0:10:43]} 45. Bc3 {[%clk 0:09:18]}  Qa6 {[%clk 0:09:03]} 46. Kg1 {[%clk 0:07:01]}  Bxe5 {[%clk 0:17:20]} 47. dxe5 {[%clk 0:08:01]}  Nc4 {[%clk 0:14:21]} 48. Bb2 {[%clk 0:04:59]}  Qc6 {[%clk 0:11:12]} 49. Bd4 {[%clk 0:02:21]}  Nd2 {[%clk 0:07:42]} 50. Qc3 {[%clk 0:02:20]}  Nf3+ {[%clk 0:15:11]} 51. Kf1 {[%clk 0:00:57]}  Nxd4 {[%clk 0:15:22]} 52. Qxd4 {[%clk 0:01:26]}  Qc1+ {[%clk 0:15:45]} 53. Kg2 {[%clk 0:01:49]}  Qxa3 {[%clk 0:16:08]} 54. Qd8+ {[%clk 0:02:08]}  Kh7 {[%clk 0:15:31]} 55. Qe8 {[%clk 0:00:56]}  Qc5 {[%clk 0:14:28]} 56. Qxf7 {[%clk 0:00:48]}  Qxe5 {[%clk 0:14:53]} 57. h5 {[%clk 0:00:45]}  Qe4+ {[%clk 0:14:04]} 58. Kg1 {[%clk 0:00:39]}  b4 {[%clk 0:14:12]} 59. Qe8 {[%clk 0:00:38]}  b3 {[%clk 0:14:21]} 60. Qb5 {[%clk 0:00:54]}  Qc2 {[%clk 0:13:50]} 61. g4 {[%clk 0:00:39]}  b2 {[%clk 0:15:06]} 0-1

[Event "Masters Tournament (MTO)"]
[Site "Biel, CH"]
[Date "2025.07.16"]
[Round "3"]
[White "Schimnatkowski, Lukas"]
[Black "Talwalkar, Vedant"]
[Result "1-0"]
[Board "31"]
[WhiteFideId "12936723"]
[BlackFideId "30962498"]
[BlackTitle "FM"]
[WhiteElo "2202"]
[BlackElo "2014"]
[WhiteTeam "GER"]
[BlackTeam "USA"]
[WhiteClock "0:01:59"]
[BlackClock "0:20:27"]
[Variant "Standard"]

1. e4 {[%clk 1:40:56]}  c5 {[%clk 1:40:42]} 2. Nc3 {[%clk 1:41:16]}  Nc6 {[%clk 1:41:04]} 3. Nf3 {[%clk 1:41:41]}  d6 {[%clk 1:41:21]} 4. Bb5 {[%clk 1:41:53]}  e5 {[%clk 1:39:56]} 5. O-O {[%clk 1:40:14]}  Nf6 {[%clk 1:35:00]} 6. Re1 {[%clk 1:40:13]}  a6 {[%clk 1:35:05]} 7. Bc4 {[%clk 1:30:23]}  b5 {[%clk 1:34:10]} 8. Bd5 {[%clk 1:21:22]}  Bb7 {[%clk 1:33:05]} 9. d3 {[%clk 1:18:44]}  b4 {[%clk 1:31:25]} 10. Ng5 {[%clk 1:08:20]}  Nxd5 {[%clk 1:20:04]} 11. Nxd5 {[%clk 1:08:23]}  h6 {[%clk 1:19:06]} 12. Nf3 {[%clk 0:56:56]}  g5 {[%clk 1:16:52]} 13. Nd2 {[%clk 0:51:34]}  Bg7 {[%clk 1:16:31]} 14. Nc4 {[%clk 0:50:50]}  Ne7 {[%clk 1:13:04]} 15. Nxe7 {[%clk 0:46:29]}  Qxe7 {[%clk 1:13:24]} 16. a3 {[%clk 0:45:18]}  bxa3 {[%clk 1:11:10]} 17. Rxa3 {[%clk 0:44:45]}  O-O {[%clk 1:07:53]} 18. Ne3 {[%clk 0:43:16]}  Bc8 {[%clk 1:02:12]} 19. g4 {[%clk 0:35:10]}  Be6 {[%clk 1:01:57]} 20. c4 {[%clk 0:34:52]}  Rfb8 {[%clk 1:00:33]} 21. Ra2 {[%clk 0:33:28]}  Qd7 {[%clk 0:56:21]} 22. Bd2 {[%clk 0:32:54]}  Bf6 {[%clk 0:52:58]} 23. Qf3 {[%clk 0:32:01]}  Kg7 {[%clk 0:53:10]} 24. Rea1 {[%clk 0:31:50]}  Qc8 {[%clk 0:50:44]} 25. Bc3 {[%clk 0:31:38]}  Rb3 {[%clk 0:50:38]} 26. Kg2 {[%clk 0:30:44]}  Bd8 {[%clk 0:49:13]} 27. Nf5+ {[%clk 0:25:12]}  Bxf5 {[%clk 0:49:27]} 28. exf5 {[%clk 0:24:59]}  Bf6 {[%clk 0:49:22]} 29. Qd5 {[%clk 0:24:40]}  Rb6 {[%clk 0:47:48]} 30. Ra4 {[%clk 0:19:23]}  Qc6 {[%clk 0:46:38]} 31. Qxc6 {[%clk 0:16:30]}  Rxc6 {[%clk 0:47:04]} 32. R1a3 {[%clk 0:14:54]}  Rb6 {[%clk 0:42:23]} 33. b4 {[%clk 0:12:13]}  Rab8 {[%clk 0:42:29]} 34. bxc5 {[%clk 0:10:20]}  dxc5 {[%clk 0:42:55]} 35. Bd2 {[%clk 0:06:21]}  Rb1 {[%clk 0:39:10]} 36. Be3 {[%clk 0:07:31]}  Rd1 {[%clk 0:34:35]} 37. Rxa6 {[%clk 0:04:58]}  Rbb1 {[%clk 0:33:32]} 38. Bxc5 {[%clk 0:03:34]}  h5 {[%clk 0:33:55]} 39. h3 {[%clk 0:01:56]}  Rg1+ {[%clk 0:33:15]} 40. Kf3 {[%clk 0:24:58]}  Rh1 {[%clk 0:24:39]} 41. gxh5 {[%clk 0:24:34]}  Rxh3+ {[%clk 1:02:57]} 42. Ke4 {[%clk 0:24:48]}  Re1+ {[%clk 0:58:34]} 43. Kd5 {[%clk 0:23:51]}  Rxh5 {[%clk 0:58:56]} 44. Bb4 {[%clk 0:15:48]}  Rd1 {[%clk 0:57:38]} 45. Bf8+ {[%clk 0:13:50]}  Kxf8 {[%clk 0:58:02]} 46. Rxf6 {[%clk 0:14:14]}  Kg7 {[%clk 0:58:10]} 47. Rb6 {[%clk 0:14:21]}  Rh2 {[%clk 0:56:15]} 48. Kxe5 {[%clk 0:09:02]}  Rxf2 {[%clk 0:55:57]} 49. c5 {[%clk 0:08:39]}  Re1+ {[%clk 0:49:48]} 50. Kd6 {[%clk 0:08:29]}  Rxf5 {[%clk 0:50:01]} 51. c6 {[%clk 0:04:20]}  g4 {[%clk 0:40:37]} 52. d4 {[%clk 0:03:21]}  Re6+ {[%clk 0:37:40]} 53. Kc7 {[%clk 0:03:43]}  Rd5 {[%clk 0:32:34]} 54. Rb4 {[%clk 0:02:44]}  Rg6 {[%clk 0:18:32]} 55. Kb7 {[%clk 0:01:39]}  g3 {[%clk 0:18:54]} 56. c7 {[%clk 0:01:03]}  g2 {[%clk 0:19:14]} 57. Ra1 {[%clk 0:01:01]}  Rf5 {[%clk 0:19:07]} 58. Rg1 {[%clk 0:01:13]}  Rf1 {[%clk 0:19:04]} 59. Rxg2 {[%clk 0:01:36]}  Rxg2 {[%clk 0:19:29]} 60. c8=Q {[%clk 0:02:00]}  Re1 {[%clk 0:19:47]} 61. d5 {[%clk 0:01:40]}  Re7+ {[%clk 0:20:08]} 62. Kb6 {[%clk 0:01:49]}  Rg6+ {[%clk 0:20:27]} 63. Kb5 {[%clk 0:01:59]} 1-0

[Event "Masters Tournament (MTO)"]
[Site "Biel, CH"]
[Date "2025.07.16"]
[Round "3"]
[White "Gao, Kai"]
[Black "Gut, Raphael"]
[Result "1-0"]
[Board "33"]
[WhiteFideId "8607770"]
[BlackFideId "1339974"]
[WhiteElo "1906"]
[BlackElo "2147"]
[WhiteTeam "CHN"]
[BlackTeam "SUI"]
[WhiteClock "0:28:23"]
[BlackClock "0:48:16"]
[Variant "Standard"]

1. e4 {[%clk 1:40:57]}  c5 {[%clk 1:40:57]} 2. Nf3 {[%clk 1:41:14]}  d6 {[%clk 1:41:23]} 3. Bb5+ {[%clk 1:41:15]}  Nd7 {[%clk 1:41:48]} 4. d4 {[%clk 1:40:56]}  cxd4 {[%clk 1:42:14]} 5. Qxd4 {[%clk 1:41:15]}  a6 {[%clk 1:42:18]} 6. Bxd7+ {[%clk 1:41:05]}  Qxd7 {[%clk 1:42:14]} 7. c4 {[%clk 1:41:10]}  e5 {[%clk 1:41:07]} 8. Qd3 {[%clk 1:41:07]}  f5 {[%clk 1:34:20]} 9. Nc3 {[%clk 1:40:24]}  Nf6 {[%clk 1:33:12]} 10. O-O {[%clk 1:32:41]}  Be7 {[%clk 1:28:14]} 11. Bg5 {[%clk 1:23:04]}  O-O {[%clk 1:19:31]} 12. Rad1 {[%clk 1:06:04]}  fxe4 {[%clk 1:03:10]} 13. Nxe4 {[%clk 1:06:28]}  Nxe4 {[%clk 1:03:18]} 14. Qxe4 {[%clk 1:05:08]}  Qe6 {[%clk 0:55:29]} 15. b3 {[%clk 0:59:06]}  Kh8 {[%clk 0:53:41]} 16. Qd5 {[%clk 0:54:16]}  Qxd5 {[%clk 0:39:49]} 17. Rxd5 {[%clk 0:54:37]}  Bxg5 {[%clk 0:39:22]} 18. Nxg5 {[%clk 0:55:02]}  b5 {[%clk 0:39:04]} 19. Rxd6 {[%clk 0:51:29]}  bxc4 {[%clk 0:38:38]} 20. bxc4 {[%clk 0:51:49]}  Rb8 {[%clk 0:38:49]} 21. Rfd1 {[%clk 0:43:49]}  h6 {[%clk 0:36:59]} 22. Rd8 {[%clk 0:34:42]}  Kg8 {[%clk 0:37:03]} 23. Ne4 {[%clk 0:22:28]}  Bf5 {[%clk 0:35:17]} 24. Rxb8 {[%clk 0:13:32]}  Rxb8 {[%clk 0:35:45]} 25. Nc5 {[%clk 0:13:50]}  a5 {[%clk 0:24:58]} 26. f3 {[%clk 0:11:33]}  Rb2 {[%clk 0:23:38]} 27. a4 {[%clk 0:11:58]}  Rc2 {[%clk 0:23:18]} 28. Rd8+ {[%clk 0:12:11]}  Kf7 {[%clk 0:23:34]} 29. Nb7 {[%clk 0:10:37]}  Rxc4 {[%clk 0:20:27]} 30. Nd6+ {[%clk 0:11:00]}  Ke7 {[%clk 0:20:56]} 31. Nxc4 {[%clk 0:11:21]}  Kxd8 {[%clk 0:21:25]} 32. Nxa5 {[%clk 0:11:13]}  Bc2 {[%clk 0:20:44]} 33. Nb7+ {[%clk 0:09:47]}  Kc7 {[%clk 0:19:47]} 34. Nc5 {[%clk 0:11:11]}  Kc6 {[%clk 0:19:20]} 35. Ne6 {[%clk 0:11:21]}  Bxa4 {[%clk 0:16:37]} 36. Nxg7 {[%clk 0:11:46]}  Bc2 {[%clk 0:16:57]} 37. Kf2 {[%clk 0:12:04]}  Kd6 {[%clk 0:16:56]} 38. Kg3 {[%clk 0:10:48]}  Ke7 {[%clk 0:16:31]} 39. Kg4 {[%clk 0:09:09]}  Kf6 {[%clk 0:17:21]} 40. Ne8+ {[%clk 0:05:10]}  Kg6 {[%clk 0:17:28]} 41. Nd6 {[%clk 0:05:06]}  Bd3 {[%clk 0:17:47]} 42. Ne4 {[%clk 0:05:04]}  Bc2 {[%clk 0:18:01]} 43. Nf2 {[%clk 0:03:09]}  Bf5+ {[%clk 0:17:52]} 44. Kh4 {[%clk 0:03:25]}  Bc2 {[%clk 0:18:03]} 45. Ng4 {[%clk 0:00:36]}  e4 {[%clk 0:18:25]} 46. f4 {[%clk 0:01:03]}  Ba4 {[%clk 0:17:41]} 47. Ne3 {[%clk 0:01:14]}  Be8 {[%clk 0:17:25]} 48. g4 {[%clk 0:00:36]}  Kf6 {[%clk 0:17:21]} 49. Nd5+ {[%clk 0:28:14]}  Kg6 {[%clk 0:47:10]} 50. f5+ {[%clk 0:28:02]}  Kf7 {[%clk 0:47:17]} 51. Kg3 {[%clk 0:28:26]}  Bc6 {[%clk 0:47:40]} 52. Nc3 {[%clk 0:28:03]}  Kf6 {[%clk 0:47:10]} 53. Kf4 {[%clk 0:28:29]}  e3 {[%clk 0:47:35]} 54. h4 {[%clk 0:28:44]}  Bb7 {[%clk 0:46:13]} 55. g5+ {[%clk 0:28:24]}  Kg7 {[%clk 0:46:11]} 56. Kxe3 {[%clk 0:28:48]}  Bc8 {[%clk 0:46:36]} 57. Kf4 {[%clk 0:29:11]}  Bd7 {[%clk 0:46:56]} 58. Ke5 {[%clk 0:29:09]}  Bc8 {[%clk 0:47:20]} 59. Ne4 {[%clk 0:29:08]}  Bd7 {[%clk 0:47:41]} 60. f6+ {[%clk 0:27:32]}  Kf7 {[%clk 0:47:40]} 61. Nd6+ {[%clk 0:27:43]}  Kg6 {[%clk 0:47:50]} 62. f7 {[%clk 0:27:59]}  Kg7 {[%clk 0:48:16]} 63. gxh6+ {[%clk 0:28:23]} 1-0

[Event "Masters Tournament (MTO)"]
[Site "Biel, CH"]
[Date "2025.07.16"]
[Round "3"]
[White "Gafner, Lancelot"]
[Black "Vihaan Dumir"]
[Result "1/2-1/2"]
[Board "34"]
[WhiteFideId "1345818"]
[BlackFideId "25901010"]
[BlackTitle "CM"]
[WhiteElo "1901"]
[BlackElo "2143"]
[WhiteTeam "SUI"]
[BlackTeam "IND"]
[WhiteClock "0:22:47"]
[BlackClock "0:15:44"]
[Variant "Standard"]

1. e4 {[%clk 1:39:26]}  c6 {[%clk 1:40:51]} 2. d4 {[%clk 1:39:10]}  d5 {[%clk 1:41:19]} 3. e5 {[%clk 1:39:34]}  c5 {[%clk 1:41:44]} 4. dxc5 {[%clk 1:40:01]}  e6 {[%clk 1:42:09]} 5. Be3 {[%clk 1:40:24]}  Nd7 {[%clk 1:42:37]} 6. Bb5 {[%clk 1:40:46]}  Ne7 {[%clk 1:43:05]} 7. Bd4 {[%clk 1:37:38]}  Qc7 {[%clk 1:31:58]} 8. Nf3 {[%clk 1:34:53]}  Nc6 {[%clk 1:30:44]} 9. Bxc6 {[%clk 1:35:06]}  bxc6 {[%clk 1:24:48]} 10. b4 {[%clk 1:35:22]}  a5 {[%clk 1:25:16]} 11. a3 {[%clk 1:35:37]}  Ba6 {[%clk 1:19:52]} 12. Nbd2 {[%clk 1:25:03]}  Be7 {[%clk 1:24:12]} 13. c4 {[%clk 1:23:31]}  dxc4 {[%clk 1:10:01]} 14. Qc2 {[%clk 1:20:35]}  Qb7 {[%clk 1:05:34]} 15. Qc3 {[%clk 1:19:51]}  O-O {[%clk 1:02:09]} 16. O-O {[%clk 1:19:41]}  Rfb8 {[%clk 0:56:50]} 17. Rab1 {[%clk 1:14:54]}  axb4 {[%clk 0:57:00]} 18. axb4 {[%clk 1:15:06]}  Bb5 {[%clk 0:49:27]} 19. Ra1 {[%clk 1:06:56]}  Rxa1 {[%clk 0:51:40]} 20. Rxa1 {[%clk 1:03:28]}  Nf8 {[%clk 0:50:22]} 21. Rb1 {[%clk 0:58:18]}  Ng6 {[%clk 0:49:00]} 22. g3 {[%clk 0:56:28]}  Qa6 {[%clk 0:42:07]} 23. Ra1 {[%clk 0:52:35]}  Qb7 {[%clk 0:43:41]} 24. Rb1 {[%clk 0:52:59]}  Bf8 {[%clk 0:38:27]} 25. Nxc4 {[%clk 0:47:33]}  Bxc4 {[%clk 0:37:18]} 26. Qxc4 {[%clk 0:48:42]}  Ne7 {[%clk 0:37:46]} 27. Ne1 {[%clk 0:46:58]}  Nd5 {[%clk 0:32:42]} 28. Nc2 {[%clk 0:44:43]}  Be7 {[%clk 0:29:49]} 29. Ne3 {[%clk 0:38:47]}  Nc7 {[%clk 0:23:38]} 30. Nc2 {[%clk 0:30:23]}  Ra8 {[%clk 0:06:47]} 31. Ra1 {[%clk 0:15:51]}  Rxa1+ {[%clk 0:19:41]} 32. Bxa1 {[%clk 0:15:55]}  Qa8 {[%clk 0:19:01]} 33. Bc3 {[%clk 0:14:30]}  Qa4 {[%clk 0:18:08]} 34. Ne3 {[%clk 0:09:08]}  Bg5 {[%clk 0:16:15]} 35. Qd3 {[%clk 0:08:20]}  Nb5 {[%clk 0:18:14]} 36. f4 {[%clk 0:04:47]}  Be7 {[%clk 0:18:06]} 37. Bd2 {[%clk 0:02:51]}  Qa1+ {[%clk 0:16:25]} 38. Kg2 {[%clk 0:02:52]}  Qa2 {[%clk 0:16:13]} 39. Kh3 {[%clk 0:01:44]}  h5 {[%clk 0:15:20]} 40. Qd7 {[%clk 0:00:56]}  Bf8 {[%clk 0:15:44]} 41. Qd3 {[%clk 0:22:47]} 1/2-1/2